This Boy - The Beatles full Lyrics - Statistics

General Stats
  • This quiz has been taken 14 times
  • The average score is 70 of 84
Answer Stats
Answer % Correct
boy
100%
boy
100%
boy
100%
boy
100%
boy
100%
boy
100%
boy
100%
boy
100%
boy,
100%
boy,
100%
boy.
100%
you
100%
you,
100%
you
100%
you
100%
you,
100%
you
100%
you
100%
be
92%
be
92%
But
92%
but
92%
he
92%
love
92%
love
92%
That
92%
That
92%
That
92%
the
92%
the
92%
this
92%
This
92%
this
92%
This
92%
this
92%
This
92%
This
92%
This
92%
to
92%
too,
92%
again.
83%
again.
83%
again.
83%
and
83%
away,
83%
just
83%
my
83%
my,
83%
won't
83%
would
83%
Would
83%
back
75%
back
75%
back
75%
cry.
75%
happy
75%
happy,
75%
he's
75%
it
75%
mind
75%
Oh,
75%
oh
75%
pain,
75%
same,
75%
'Til
75%
took
75%
want
75%
wants
75%
wants
75%
wouldn't
75%
feel
67%
for
67%
gets
67%
he'll
67%
isn't
67%
may
67%
someday,
67%
good
58%
regret
58%
seen
58%
Though
58%
Though
58%
always
50%
if
50%
No matching quizzes found
Score Distribution
Percent of People with Each Score
Percentile by Number Answered
Your Score History
You have not taken this quiz